| 000 | 00607cam a2200193 a 4500 | ||
|---|---|---|---|
| 001 | 000014322 | ||
| 005 | 20200929163555.0 | ||
| 008 | 820610s1965 ve a 000 0 spa d | ||
| 040 |
_aDO-SdBNP _bspa _cBNPHU |
||
| 082 |
_a330 _bP393e |
||
| 100 | 1 |
_aPeltzer, Ernesto _932305 |
|
| 245 | 1 | 0 |
_aEnsayos sobre economÃa / _cErnesto Peltzer. |
| 260 |
_aCaracas, Venezuela : _bBanco Central de Venezuela, _c1965. |
||
| 300 |
_axxi, 457 p. : _bil. ; _c24 cm. |
||
| 490 | 1 | _aXXV Aniversario | |
| 650 | 4 |
_aEconomÃa _zVenezuela _xEnsayos _932306 |
|
| 650 | 4 |
_aMercado financiero _932307 |
|
| 830 | 0 |
_aXXV Aniversario _932308 |
|
| 999 |
_c13917 _d13917 |
||